The Strategy-Focused Organization : (Record no. 17334)
[ view plain ]
| 000 -LEADER | |
|---|---|
| fixed length control field | 00823cam a2200229 a 4500 |
| 001 - CONTROL NUMBER | |
| control field | 11995309 |
| 005 - DATE AND TIME OF LATEST TRANSACTION | |
| control field | 20130227145020.0 |
| 008 - FIXED-LENGTH DATA ELEMENTS--GENERAL INFORMATION | |
| fixed length control field | 000503s2001 maua b 001 0 eng |
| 010 ## - LIBRARY OF CONGRESS CONTROL NUMBER | |
| LC control number | 00033515 |
| 020 ## - INTERNATIONAL STANDARD BOOK NUMBER | |
| International Standard Book Number | 1578512506 (alk. paper) |
| 020 ## - INTERNATIONAL STANDARD BOOK NUMBER | |
| International Standard Book Number | 9781578512508 |
| 082 00 - DEWEY DECIMAL CLASSIFICATION NUMBER | |
| Classification number | 658.4012 |
| Edition number | 22 |
| Item number | KAP |
| 100 1# - MAIN ENTRY--PERSONAL NAME | |
| Personal name | Kaplan, Robert S. |
| 9 (RLIN) | 32714 |
| 245 14 - TITLE STATEMENT | |
| Title | The Strategy-Focused Organization : |
| Remainder of title | How Balanced Scorecard Companies Thrive in the New Business Environment / |
| Statement of responsibility, etc | Robert S. Kaplan, David P. Norton. |
| 260 ## - PUBLICATION, DISTRIBUTION, ETC. (IMPRINT) | |
| Place of publication, distribution, etc | Boston, Mass. : |
| Name of publisher, distributor, etc | Harvard Business School Press, |
| Date of publication, distribution, etc | c2001. |
| 300 ## - PHYSICAL DESCRIPTION | |
| Extent | x, 400 p. : |
| Other physical details | ill. ; |
| Dimensions | 24 cm. |
| 504 ## - BIBLIOGRAPHY, ETC. NOTE | |
| Bibliography, etc | Includes bibliographical references and index. |
| 650 #0 - SUBJECT ADDED ENTRY--TOPICAL TERM | |
| Topical term or geographic name as entry element | Strategic planning. |
| 9 (RLIN) | 32748 |
| 653 ## - INDEX TERM--UNCONTROLLED | |
| Resource For college | |
| Arrived date list | February2013 |
| 700 1# - ADDED ENTRY--PERSONAL NAME | |
| Personal name | Norton, David P., |
| Dates associated with a name | 1941- |
| 9 (RLIN) | 32718 |
| 942 ## - ADDED ENTRY ELEMENTS (KOHA) | |
| Source of classification or shelving scheme | Dewey Decimal Classification |
| Item type | Book - Borrowing |
| Withdrawn status | Item status | Source of classification or shelving scheme | Damaged status | Not for loan | Vendor | Home library | Current library | Shelving location | Date acquired | Source of acquisition | Total Checkouts | Full call number | Barcode | Date last seen | Date last borrowed | Koha item type | Total Renewals |
|---|---|---|---|---|---|---|---|---|---|---|---|---|---|---|---|---|---|
| Dewey Decimal Classification | Baccah | Central Library | Central Library | First floor | 27/02/2013 | 1 | 658.4012 KAP | 000028401 | 15/07/2025 | 27/11/2013 | Book - Borrowing | ||||||
| Dewey Decimal Classification | Baccah | Central Library | Central Library | First floor | 27/02/2013 | 1 | 658.4012 KAP | 000028402 | 15/07/2025 | 01/06/2015 | Book - Borrowing | 9 | |||||
| Dewey Decimal Classification | Baccah | Central Library | Central Library | First floor | 27/02/2013 | 658.4012 KAP | 000028403 | 15/07/2025 | Book - Borrowing |